|
|
|
|
| LEADER |
00000nam a2200000 a 4500 |
| 001 |
vtls008865938 |
| 003 |
SK-MaSNL |
| 005 |
20260301035906.0 |
| 008 |
031216s1521 au 1 0 lat |
| 015 |
|
|
|a SNBHFA
|
| 035 |
|
|
|a cpl000126711
|
| 040 |
|
|
|a SNKHF
|b slo
|c SNKHF
|e rda
|
| 041 |
0 |
|
|a lat
|
| 044 |
|
|
|a au
|c AT
|
| 072 |
|
7 |
|a 81
|x Lingvistika. Jazyky
|2 konspekt
|
| 080 |
|
|
|a 81'36
|2 2011
|
| 080 |
|
|
|a 81'1
|2 2011
|
| 080 |
|
|
|a 811.124
|2 2011
|
| 100 |
0 |
|
|a Erazmus Rotterdamský,
|d asi 1466-1536
|4 aut
|9 21683
|
| 245 |
1 |
3 |
|a De Octo Orationis Partivm Constructione libellus/ tum elegans imprimis/ turn dilucida breuitate copiosissimus
|c Erasmo Roterodamo Avtore
|
| 264 |
|
3 |
|a [Wienn]
|b [Johann Singriener d.A.]
|c MDXXI (1521)
|
| 300 |
|
|
|a A4-C4, D6, 18 listov
|c 4°
|
| 336 |
|
|
|a text
|b txt
|2 rdacontent
|
| 337 |
|
|
|a bez média
|b n
|2 rdamedia
|
| 338 |
|
|
|a zväzok
|b nc
|2 rdacarrier
|
| 500 |
|
|
|a Iniciálky červeno-kolorované s ornamentálnym a figurálnym pozadím v rámčeku na 4-6, 11 riadkov, titulný list v drevorezovom ráme s ornamentálnou a figurálnou výzdobou, za textom 9 listov rukopisného textu
|
| 501 |
|
|
|a Príväzok 2. k: PERGER, Bernhard. Grammatices institutiones. Viennae Pannoniae: Expensis vero Lvcae ALantse; in aedibus Ioannis Singrenij, 1518. 4°.
|5 SNK IC 71651
|
| 504 |
|
|
|a Marginálie
|
| 510 |
4 |
|
|a VD 16 E/2562
|
| 650 |
0 |
7 |
|a gramatika
|2 SNKPH
|9 865
|
| 650 |
0 |
7 |
|a lingvistika
|2 SNKPH
|9 860
|
| 650 |
0 |
7 |
|a latinčina
|2 SNKPH
|9 3501
|
| 700 |
1 |
|
|a Singriener, Johann,
|c starší,
|d asi 1480-1545
|4 prt
|9 172963
|
| 700 |
1 |
|
|a Colet, John,
|d 1467-1519
|4 dto
|9 259198
|
| 710 |
0 |
|
|a Singriener, Johann starší (Viedeň, Rakúsko),
|d 1510-1545
|4 prt
|9 305297
|
| 752 |
|
|
|a Rakúsko
|d Viedeň
|
| 852 |
|
|
|a snk
|p IC 71651/prív.2
|
| 958 |
|
|
|a ONDV
|
| 958 |
|
|
|a DA
|
| 999 |
|
|
|c 585105
|d 587035
|
| 952 |
|
|
|t Tlače 16. storočia
|a SNK
|b SNK
|c SNK_HF
|y PREZ
|7 0
|p 17A1303487
|o snkIC 71651/prív.2
|i snkK 560/78
|0 0
|1 0
|4 0
|d 2010-03-18
|l 0
|r 2026-02-23 15:05:42
|w 2026-02-23
|